000 00727cam a2200181 4500
001 ##L132521
008 060215n 000 0 eng u
035 _a(Sirsi) u132521
041 0 _aeng
050 0 4 _a333.0062 $2 18
110 2 _aIncorporated Society of Auctioneers and Landed Property Agents
_94878
245 0 0 _aAssociateship examinations
_bspring 1940-1946
260 _a[S.l.]
_b[s.n.]
_c1940-46
300 _a1
_fv
_c21cm.
520 _aExam questions covering various topics such as mensuration of land and buildings; book-keeping; valuations; landlord and tenant; fixtures and dilapidations; and auction law, for the years 1927-1939.
690 _aCAREERS, EDUCATION AND TRAINING-QUALIFICATION ROUTES
942 _n0
999 _c105166
_d105166